Ponencias presentadas por la Facultad de Ciencias Sociales de la Universidad Nacional

שמור ב:
מידע ביבליוגרפי
פורמט: לא ידוע
יצא לאור: Heredia: UNA. FCS
תגים: הוספת תג
אין תגיות, היה/י הראשונ/ה לתייג את הרשומה!

MARC

LEADER 00000 a2200000 04500
001 5558
003
008 991231s d
040
090 |a 122902  
245 |a Ponencias presentadas por la Facultad de Ciencias Sociales de la Universidad Nacional  
260 |a Heredia:   |b UNA. FCS  
300 |a p. irreg  
999 |c 8624  |d 8624